UBT Library

Animal breeding, (Record no. 39343)

000 -LEADER
fixed length control field 00437cam a2200193u 4500
001 - CONTROL NUMBER
control field 6390708
005 - DATE AND TIME OF LATEST TRANSACTION
control field 20171222074259.0
008 - FIXED-LENGTH DATA ELEMENTS--GENERAL INFORMATION
fixed length control field 810304s1925 nyu 000 0 eng
010 ## - LIBRARY OF CONGRESS CONTROL NUMBER
LC control number 25004755
040 ## - CATALOGING SOURCE
Original cataloging agency DLC
Transcribing agency CarP
Modifying agency DLC
041 ## - LANGUAGE CODE
Language code of text/sound track or separate title eng
080 ## - UNIVERSAL DECIMAL CLASSIFICATION NUMBER
Universal Decimal Classification number 591 WIN
082 ## - DEWEY DECIMAL CLASSIFICATION NUMBER
Classification number 591 WIN
100 1# - Rafti
Rafti 7
101 ## - Shkurtesa
Shkurtesa ZOO
245 10 - TITLE STATEMENT
Title Animal breeding,
906 ## - LOCAL DATA ELEMENT F, LDF (RLIN)
a 0
b cbc
c premunv
d u
e ncip
f 19
g y-gencatlg
942 ## - ADDED ENTRY ELEMENTS (KOHA)
Source of classification or shelving scheme
Item type Books
Holdings
Withdrawn status Lost status Source of classification or shelving scheme Damaged status Not for loan Collection code Permanent location Current location Shelving location Date acquired Total Checkouts Full call number Barcode Date last seen Price effective from Koha item type
          Koleksioni i përgjithshem UBT - Lipjan UBT - Lipjan Koleksioni i përgjithshem 12/22/2017   591 WIN 002-2939936 12/22/2017 12/22/2017 Books
UBT Library © 2015-2024. All rights reserved University Education for Business and Technology